000 00687nam a2200181Ia 4500
008 100920s9999 xx 000 0 und d
082 _b60769
_a61 थ 83
100 _a---
245 _aनामदार गोपाळ कृष्ण गोखले.
260 _bराष्ट्रीय चरित्रमाला, पुणे.
_c1983
300 _a56
_bसाधी
365 _b5
520 _aस्थानिक वाचन.
630 _aनामदार गोपाळ कृष्ण गोखले.
650 _aस्थानिक वाचन.
730 _aनामदार गोपाळ कृष्ण गोखले.
942 _cBOOK
999 _c704019
_d704016